UBT Library

Natural helping networks : (Record no. 39763)

000 -LEADER
fixed length control field 00591nam a2200217 i 4500
001 - CONTROL NUMBER
control field 2706154
005 - DATE AND TIME OF LATEST TRANSACTION
control field 20180104083530.0
008 - FIXED-LENGTH DATA ELEMENTS--GENERAL INFORMATION
fixed length control field 760923s1976 dcu b 000 0 eng
010 ## - LIBRARY OF CONGRESS CONTROL NUMBER
LC control number 76010027
020 ## - INTERNATIONAL STANDARD BOOK NUMBER
International Standard Book Number 0871010704
040 ## - CATALOGING SOURCE
Original cataloging agency DLC
Transcribing agency DLC
Modifying agency DLC
041 ## - LANGUAGE CODE
Language code of text/sound track or separate title eng
080 ## - UNIVERSAL DECIMAL CLASSIFICATION NUMBER
Universal Decimal Classification number 361
082 00 - DEWEY DECIMAL CLASSIFICATION NUMBER
Classification number 361 COL
100 1# - Rafti
Rafti 50
101 ## - Shkurtesa
Shkurtesa SOC
245 10 - TITLE STATEMENT
Title Natural helping networks :
Statement of responsibility, etc Alice H. Collins & Diane L. Pancoast.
504 ## - BIBLIOGRAPHY, ETC. NOTE
Bibliography, etc Includes bibliographical references.
906 ## - LOCAL DATA ELEMENT F, LDF (RLIN)
a 7
b cbc
c orignew
d u
e ocip
f 19
g y-gencatlg
942 ## - ADDED ENTRY ELEMENTS (KOHA)
Source of classification or shelving scheme
Item type Books
Holdings
Withdrawn status Lost status Source of classification or shelving scheme Damaged status Not for loan Collection code Permanent location Current location Shelving location Date acquired Total Checkouts Full call number Barcode Date last seen Price effective from Koha item type
          Koleksioni i përgjithshem UBT - Lipjan UBT - Lipjan Koleksioni i përgjithshem 01/04/2018   361 COL 002-2994340 01/04/2018 01/04/2018 Books
UBT Library © 2015-2024. All rights reserved University Education for Business and Technology